000 00902nam a2200217Ia 4500
003 OSt
005 20251021141846.0
008 220922b |||||||| |||| 00| 0 hin d
037 _cTB
040 _aARTS
_cARTS
_bhin
041 _2hin
_ahin
084 _aO1520v5,1:g, K3
_qAL
100 _aकाळे, मनोहर
_9848966
245 0 _aआधुनिक हिन्दी - मराठी में काव्य - शास्त्रीय अध्ययन/
246 _aĀdhunik hindī - marāṭhī mean kāvya - shāstrīya adhyayana
260 _aदिल्ली:
_b हिन्दी ग्रन्थ रत्नाकर प्रा. लि.,
_c1963.
300 _a692पृ.
_ccm.
650 _aहिन्दी साहित्य
_9156264
942 _hO1520v5,1:g, K3
_cTB
_2CC
_n0
999 _c372927
_d372927